...

NIRU LIBRARY

The simplest gift / (Record no. 499)

MARC details
000 -LEADER
fixed length control field 00670nam a22002417a 4500
003 - CONTROL NUMBER IDENTIFIER
control field OSt
005 - DATE AND TIME OF LATEST TRANSACTION
control field 20230706122951.0
008 - FIXED-LENGTH DATA ELEMENTS--GENERAL INFORMATION
fixed length control field 230706b |||||||| |||| 00| 0 eng d
020 ## - INTERNATIONAL STANDARD BOOK NUMBER
International Standard Book Number 9780008455651
040 ## - CATALOGING SOURCE
Transcribing agency NIRUC
Modifying agency NIRUC
050 ## - LIBRARY OF CONGRESS CALL NUMBER
Classification number BJ 1589
Item number . X46 2021
100 ## - MAIN ENTRY--PERSONAL NAME
Personal name Xenakēs, Stephanos
Relator term author.
245 ## - TITLE STATEMENT
Title The simplest gift /
Statement of responsibility, etc. by, Stefanos Xenakēs,
260 ## - PUBLICATION, DISTRIBUTION, ETC.
Place of publication, distribution, etc. London :
Name of publisher, distributor, etc. HQ,
Date of publication, distribution, etc. 2021.
300 ## - PHYSICAL DESCRIPTION
Extent 376p, :
Dimensions 23 cm.
650 ## - SUBJECT ADDED ENTRY--TOPICAL TERM
Source of heading or term Self-actualization (Psychology)
650 ## - SUBJECT ADDED ENTRY--TOPICAL TERM
Source of heading or term Mind and body
650 ## - SUBJECT ADDED ENTRY--TOPICAL TERM
Source of heading or term Self-help techniques
650 ## - SUBJECT ADDED ENTRY--TOPICAL TERM
Source of heading or term Spiritual life
650 ## - SUBJECT ADDED ENTRY--TOPICAL TERM
Source of heading or term Internet personalities
Topical term or geographic name entry element Greece
650 ## - SUBJECT ADDED ENTRY--TOPICAL TERM
Source of heading or term Conduct of life
942 ## - ADDED ENTRY ELEMENTS (KOHA)
Source of classification or shelving scheme Library of Congress Classification
Koha item type Books
Suppress in OPAC No
Holdings
Withdrawn status Lost status Source of classification or shelving scheme Damaged status Not for loan Collection Home library Current library Shelving location Date acquired Total checkouts Full call number Barcode Date last seen Price effective from Koha item type Date last checked out
    Library of Congress Classification     Fiction NIRU LIBRARY NIRU LIBRARY On display 07/06/2023   BJ 1589. X46 2021 2023-1223 09/18/2024 07/06/2023 Books  
    Library of Congress Classification     Fiction NIRU LIBRARY NIRU LIBRARY On display 07/06/2023 1 BJ 1589. X46 2021 2023-1224 10/02/2024 07/06/2023 Books 12/20/2023
Copyright © 2025&6. National Intelligence and Research University. All Rights Reserved.